La Conciencia regional en el proceso autonómico español / (Record no. 5378)
[ view plain ]
| 000 -LEADER | |
|---|---|
| campo de control de longitud fija | 00830nam a2200241 i 4500 |
| 001 - NÚMERO DE CONTROL | |
| campo de control | 5378 |
| 003 - IDENTIFICADOR DE NÚMERO DE CONTROL | |
| campo de control | ES-MaACL |
| 005 - FECHA Y HORA DE LA ÚLTIMA TRANSACCIÓN | |
| campo de control | 20250728062550.0 |
| 007 - CAMPO FIJO DE DESCRIPCIÓN FÍSICA--INFORMACIÓN GENERAL | |
| campo de control de longitud fija | t| |
| 008 - DATOS DE LONGITUD FIJA--INFORMACIÓN GENERAL | |
| campo de control de longitud fija | 880608s1983 sp ||||1| spa d |
| 020 ## - NÚMERO INTERNACIONAL ESTÁNDAR DEL LIBRO | |
| Número Internacional Estándar del Libro | 84-7476-060-0 |
| 080 ## - NÚMERO DE LA CLASIFICACIÓN DECIMAL UNIVERSAL | |
| Número de la Clasificación Decimal Universal | 323.17(46)"18/19" |
| 100 1# - ENTRADA PRINCIPAL--NOMBRE DE PERSONA | |
| Nombre de persona | López Aranguren, Eduardo María. |
| 9 (RLIN) | 73411 |
| 245 13 - MENCIÓN DEL TÍTULO | |
| Título | La Conciencia regional en el proceso autonómico español / |
| Mención de responsabilidad, etc. | Eduardo López-Aranguren. |
| 260 ## - PUBLICACIÓN, DISTRIBUCIÓN, ETC. | |
| Lugar de publicación, distribución, etc. | Madrid : |
| Nombre del editor, distribuidor, etc. | Centro de Investigaciones Sociológicas, |
| Fecha de publicación, distribución, etc. | 1983. |
| 300 ## - DESCRIPCIÓN FÍSICA | |
| Extensión | 269 p. ; |
| Dimensiones | 20 cm. |
| 490 1# - MENCIÓN DE SERIE | |
| Mención de serie | Monografías ; |
| Designación de volumen o secuencia | 6l |
| 500 ## - NOTA GENERAL | |
| Nota general | Bibliografia. Indice. |
| 650 14 - PUNTO DE ACCESO ADICIONAL DE MATERIA--TÉRMINO DE MATERIA | |
| Término de materia o nombre geográfico como elemento de entrada | Regionalismo- |
| Subdivisión geográfica | España- |
| Subdivisión cronológica | 1975- |
| 9 (RLIN) | 16750 |
| 830 00 - PUNTO DE ACCESO ADICIONAL DE SERIE-TÍTULO UNIFORME | |
| Título uniforme | Monografías (Centro de Estudios Benaventanos "Ledo del Pozo") |
| Designación de volumen o secuencia | 6l |
| 9 (RLIN) | 177262 |
| 852 ## - LOCALIZACIÓN | |
| Ubicación | ES-MaACL |
| Número de control de estantería | L-12059 |
| Sublocalización o colección | R.115164 |
| Nota libre | . - Rust. |
| Estatus retirado | Estado de pérdida | Estado de daño | No para préstamo | Biblioteca de origen | Biblioteca actual | Ubicación en estantería | Fecha de adquisición | Fuente de adquisición | Total de préstamos | Signatura topográfica completa | Código de barras | Visto por última vez | Precio de reemplazo | Tipo de ítem Koha |
|---|---|---|---|---|---|---|---|---|---|---|---|---|---|---|
| Biblioteca del Ateneo de Madrid | Biblioteca del Ateneo de Madrid | Depósito 2 | 17/01/2008 | L-12059 | 1005441 | 23/02/2023 | 23/02/2023 | Libro impreso |
